000 01219nam a2200325 i 4500
003 DO-SdBNP
005 20260331084017.0
007 ta
008 110413s1970 flu 001 0 spa d
040 _aDO-SdBNP
_bspa
_cBNPHU
_erda
041 _aeng
082 4 _a321.9097293
_bW631d 1970
_222
100 1 _aWiarda, Howard J.
_d1939-
_eautor
_4aut.
_95409
245 1 0 _aDictatorship and development :
_bthe methods of control in Trujillo's Dominican Republic /
_cHoward J. Wiarda
250 _aSegunda edición
264 1 _aGainesville, Florida, Estados Unidos
_bUniversity of Florida Press,
_c1970.
300 _a224 páginas ;
_bilustraciones,
_c23 cm.
336 _atexto
_btxt
_2rdacontent
337 _asin mediación
_bn
_2rdamedia
338 _avolumen
_bnc
_2rdacarrier
490 0 _aMonografías latinoamericanas ;
_v5
500 _aIncluye índice.
500 _aIncluye notas y bibliografías a pie de páginas.
504 _aBibliografía: p. 197-214
590 _aInventariado, 2023/ YL
600 1 0 _aTrujillo Molina, Rafael Leónidas,
_d1891-1961
651 4 _aRepública Dominicana
_xHistoria
_y1930-1961
_91301
_vD
910 _aYLockward/Validado. Control de calidad MFF
942 _2ddc
_cLBS1
999 _c54559
_d54559